[Rezension von: Ute Engel, Die Kathedrale von Worcester]

Gespeichert in:
Bibliographische Detailangaben
Veröffentlicht in:Kunstform 3(2002), 12
VerfasserIn: Krämer, Steffen (VerfasserIn)
Dokumenttyp: Online-Ressource Aufsatz
Sprache:German
Veröffentlicht: 2002
Schlagwörter:
Online Zugang:kostenfrei
Bibliogr. Hinweis:Enthalten in: Kunstform
Rezension von: Die Kathedrale von Worcester
Verantwortlich:rezensiert von Steffen Krämer
LEADER 01699caa a2200349 c 4500
001 1920623590
003 DE-627
005 20260419055247.0
007 cr uuu---uuuuu
008 250326s2002 xx |||||oo 00| ||ger c
035 |a (DE-627)1920623590 
035 |a (DE-599)KXP1920623590 
035 |a (OCoLC)1533758275 
040 |a DE-627  |b ger  |c DE-627  |e rda 
041 |a ger 
084 |a KUNST  |q DE-16  |2 fid 
100 1 |a Krämer, Steffen  |d 1963-  |e VerfasserIn  |0 (DE-588)134051017  |0 (DE-627)559887728  |0 (DE-576)300279221  |4 aut 
245 1 0 |a [Rezension von: Ute Engel, Die Kathedrale von Worcester]  |c rezensiert von Steffen Krämer 
264 1 |c 2002 
300 |b Illustrationen 
336 |a Text  |b txt  |2 rdacontent 
337 |a Computermedien  |b c  |2 rdamedia 
338 |a Online-Ressource  |b cr  |2 rdacarrier 
655 7 |a Rezension  |0 (DE-588)4049712-4  |0 (DE-627)106186019  |0 (DE-576)209083166  |2 gnd-content 
773 0 8 |i Enthalten in  |t Kunstform  |d München : Ludwig-Maximilians-Universität München, Institut für Kunstgeschichte, 2000  |g 3(2002), 12  |h Online-Ressource  |w (DE-627)382929004  |w (DE-600)2140180-9  |w (DE-576)281244731  |x 1618-7199  |7 nnas 
773 1 8 |g volume:3  |g year:2002  |g number:12 
787 0 8 |i Rezension von  |a Engel, Ute, 1963 -   |t Die Kathedrale von Worcester  |d München : Deutscher Kunstverlag, 2000  |h 367 S.  |w (DE-627)317815652  |w (DE-576)085584312  |z 3422063056 
856 4 0 |u https://www.arthistoricum.net/kunstform/rezension/ausgabe/2002/12/1273  |x Verlag  |z kostenfrei  |3 Volltext  |7 0 
951 |a AR 
994 |u https://www.arthistoricum.net/themen/rezensionen/kunstform/rezension/ausgabe/2002/12/1273 
991 |a Rezension (Monographie, Zeitschrift, Aufsatz) 
999 |a KXP-PPN1920623590  |e 495386994X